LDR 01155naa#a2200217#i#450# 001 RU\\bibl\19316 005 20260418192217.6 100 ## _a20260417b2026####ek#y0rusy0150####ca 102 ## _aRU 200 1# _aПРОБЛЕМЫ И НЕДОСТАТКИ СУЩЕСТВУЮЩЕЙ СИСТЕМЫ ПОДГОТОВКИ ВОДИТЕЛЕЙ _eСтатья/тезисы конференции 210 1# _aВоронеж _cВоронежский государственный лесотехнический университет имени Г.Ф. Морозова _d2026 215 ## _a7 с. 608 ## _aСтатья/тезисы конференции _2local 675 ## _aОбучение и подготовка водителей транспортных средств. 656.052.8 _z 700 #1 _aСподарев _gРуслан Александрович 700 #1 _aСподарев _gС. Р. 700 #1 _aДенисов _gГеннадий Александрович 700 #1 _aВеневитина _gСветлана Семеновна 700 #1 _aРодионов _gА. А. 700 #1 _aВнукова _gСветлана Владимировна 856 4# _abibl.vgltu.ru _u